| 000 | 01628nam a2200205Ia 4500 | ||
|---|---|---|---|
| 005 | 20250605092653.0 | ||
| 008 | 008 250516s9999 xx 000 0 eng d | ||
| 020 | _a9781009496919 | ||
| 040 |
_aSDCL _beng _cSDCL |
||
| 041 |
_aeng _2eng |
||
| 084 |
_aV:(G:55) R4 _qSDCL |
||
| 100 |
_aNayar, Pramod K. _9811793 |
||
| 245 | 0 |
_aVulnerable earth : _bThe literature of climate crisis |
|
| 260 |
_aNew Delhi : _bCambridge University Press, _c2024. |
||
| 300 | _axiii, 295p. | ||
| 365 |
_aINR _b1095 |
||
| 520 | _aVulnerable Earth is a study of the literature of climate crisis. Building on the assumption that the crisis is planetary in scope even if differential and unequal in effects, it examines literary fiction, graphic novels, memoirs about toxic wastes and neo-slavery narratives, mostly from the contemporary decades, but touching upon select antecedents as well, and from all over the world. The study covers texts that fictionalize a 'hydrocrisis', those that are concerned with species extinction and experimental solutions such as rewilding, fiction and memoirs that are interested in exploring the conversations between and across species in multispecies encounters and, finally, texts that show the linkage between social justice and environmental justice. Focusing on aesthetics, narrative modes and constructions of damaged, wasted and at-risk worlds, this book shows how the literature of climate crisis foregrounds a feature that humans and nonhumans, the living and the non-living share, differentially, with the planet: vulnerability. | ||
| 650 |
_aEnvironmental History _9811794 |
||
| 942 |
_cTEXL _2CC _n0 |
||
| 999 |
_c1430078 _d1430078 |
||